The letter and spirit of biblical interpretation : (Record no. 10548)

MARC details
000 -LEADER
fixed length control field 01850cam a2200301 i 4500
001 - CONTROL NUMBER
control field 1006452416
003 - CONTROL NUMBER IDENTIFIER
control field OCoLC
005 - DATE AND TIME OF LATEST TRANSACTION
control field 20250115142331.0
008 - FIXED-LENGTH DATA ELEMENTS--GENERAL INFORMATION
fixed length control field 180307t20182018miu b 001 0 eng
020 ## - INTERNATIONAL STANDARD BOOK NUMBER
International Standard Book Number 9780801049682
020 ## - INTERNATIONAL STANDARD BOOK NUMBER
International Standard Book Number 0801049687
035 ## - SYSTEM CONTROL NUMBER
System control number (OCoLC)1006452416
040 ## - CATALOGING SOURCE
Original cataloging agency DLC
Language of cataloging eng
Description conventions rda
Transcribing agency DLC
Modifying agency OCLCO
-- OCLCF
-- BCT
-- YDX
-- WIO
-- LNT
-- XII
-- LTS
082 00 - DEWEY DECIMAL CLASSIFICATION NUMBER
Classification number 220.609
Edition information 23
Item number STA
100 1# - MAIN ENTRY--PERSONAL NAME
Personal name Stanglin, Keith D.,
Relator term author.
245 14 - TITLE STATEMENT
Title The letter and spirit of biblical interpretation :
Remainder of title from the early church to modern practice /
Statement of responsibility, etc. Keith D. Stanglin.
264 #1 - PRODUCTION, PUBLICATION, DISTRIBUTION, MANUFACTURE, AND COPYRIGHT NOTICE
Place of production, publication, distribution, manufacture Grand Rapids, Michigan :
Name of producer, publisher, distributor, manufacturer Baker Academic, a division of Baker Publishing Group,
Date of production, publication, distribution, manufacture, or copyright notice [2018]
264 #4 - PRODUCTION, PUBLICATION, DISTRIBUTION, MANUFACTURE, AND COPYRIGHT NOTICE
Date of production, publication, distribution, manufacture, or copyright notice ©2018
300 ## - PHYSICAL DESCRIPTION
Extent xiv, 274 pages ;
Dimensions 23 cm
336 ## - CONTENT TYPE
Content type term text
Content type code txt
Source rdacontent
337 ## - MEDIA TYPE
Media type term unmediated
Media type code n
Source rdamedia
338 ## - CARRIER TYPE
Carrier type term volume
Carrier type code nc
Source rdacarrier
504 ## - BIBLIOGRAPHY, ETC. NOTE
Bibliography, etc. note Includes bibliographical references (pages 247-265) and indexes.
505 0# - FORMATTED CONTENTS NOTE
Formatted contents note Introduction to the history of biblical interpretation -- Part 1. Historical survey. Earliest Christian exegesis -- Later patristic exegesis -- Medieval exegesis -- Early modern exegesis -- The rise of historical-critical exegesis -- Part 2. Letter and spirit. (Ir)reconcilable differences? -- A way forward.
520 ## - SUMMARY, ETC.
Summary, etc. For the better part of fifteen centuries, Christians read Scripture on two complementary levels, the literal and the spiritual. In the modern period, the spiritual sense gradually became marginalized in favor of the literal sense. The Bible came to be read and interpreted like any other book. This brief, accessible introduction to the history of biblical interpretation examines key turning points and figures and argues for a retrieval of the premodern spiritual habits of reading Scripture.
630 00 - SUBJECT ADDED ENTRY--UNIFORM TITLE
Uniform title Bible
General subdivision Criticism, interpretation, etc.
-- History.
942 ## - ADDED ENTRY ELEMENTS (KOHA)
Source of classification or shelving scheme Dewey Decimal Classification
Koha item type Books
Suppress in OPAC No
Holdings
Withdrawn status Lost status Source of classification or shelving scheme Damaged status Not for loan Home library Current Library Shelving location Date acquired Source of acquisition Total checkouts Full call number Barcode Date last seen Copy number Price effective from Koha item type
    Dewey Decimal Classification     GRACE BIBLE COLLEGE GRACE BIBLE COLLEGE Biblical Studies 2025-01-15 TBN   220.609 STA 020892 2025-05-01 c.1 2025-01-15 Books
© Grace Bible College Library 2025